culture générale-multiple choix - Statistiques

Statistiques générales
  • Ce quiz a été pris 85 fois
  • Le résultat moyen est 10 sur 15
Statistiques - réponses
Question Réponse % Correct
laquelle de ces unités spéciales n'existe pas BIH
93%
lequel est un vrai pays belize
90%
comment s'appelle celui qui a dirigé l'attentat des tours jumelles bin laden
90%
en quelle année le titanic a coulé ? 1912
87%
quel métier Adolf Hitler faisait avant d'être un dictateur peintre
84%
marylin monroe était l'amante de John F. Kennedy
79%
lequel n'est pas un écrivain ? jean dupond
75%
quels application est la plus utilisée dans le monde google
72%
comment appele-t-on les roux en anglais pour se moquer ginger
65%
quelle age a eminem (on est en 2025) 52
57%
en quelle date l'homme a-t-il marché sur la lune 12 juillet 1969
49%
lequels de ces dieux est un vrai elohim
43%
lequel de ces hommes n'a jamais été empereur de Rome césar
37%
quelle ville des états unis surnomme-t-on <> new york
22%
lequel de ces sports n'existe pas bottle flip
21%
Aucun quiz correspondant
Distribution des résultats
% des personnes avec chaque résultat
Percentile par nombre de réponses
Votre historique - résultats
Vous n’avez pas pris ce quiz